000
00325nam a2200133Ia 4500
008
210210b1986 xxu||||| |||| 00| 0 eng d
082
_a
820.33 NARM
100
_a
NARAYAN (R K).
245
_a
Malgudi days I.
260
_a
Madras
_b
Diocesan Press
_c
1986
300
_a
132
690
_a
Indian English Fiction
906
_a
039760
999
_c
89883
_d
89883